Countries I plan to visit (2024) (Map) - Statistics

General Stats
  • This quiz has been taken 44 times
    10 since last reset
  • The average score is 36 of 46
Answers on the Map
Answers color-coded by a green-red scale on the quiz's map according to % correct below.
 
Answer Stats
Year in which I will visit the country/when I visited the country Answer % Correct
Unknown Australia
100%
2022 Chile
100%
Unknown China
100%
Unknown France
100%
2024 Germany
100%
2018 Mexíco
100%
2009 Peru
100%
2020 Spain
100%
Born here U.S.A.
100%
2006 Bolivia
89%
2026 Czech Republic
89%
2015 Dominican Republic
89%
around 2016 Panama
89%
2026 Poland
89%
2027/Unknown Bosnia and Herzegovina
78%
Unknown Georgia
78%
2024 India
78%
2024 Mauritius
78%
2024 Mauritius
78%
2024 Mauritius
78%
2024 Mauritius
78%
2024 Mauritius
78%
2024 Namibia
78%
Unknown Nauru
78%
Unknown Nauru
78%
Unknown Nauru
78%
2017 Qatar
78%
2017 U.A.E./United Arab Emirates
78%
Unknown Uzbekistan
78%
Unknown Andorra
67%
Unknown Benin
67%
Unknown Burkina Faso
67%
Unknown Burundi
67%
Unknown Cameroon
67%
Unknown Cote D'Ivoire
67%
Unknown Equatorial Guinea
67%
Unknown Gabon
67%
Unknown Ghana
67%
Unknown Malawi
67%
Unknown Mali
67%
Unknown Niger
67%
Unknown Nigeria
67%
Unknown Togo
67%
Unknown Zambia
67%
Unknown Brunei
56%
Unknown Cyprus
56%
No matching quizzes found
Score Distribution
Percent of People with Each Score
Percentile by Number Answered
Your Score History
You have not taken this quiz since the last reset